| 000 | 01082nam0a2200313 4500 | ||
|---|---|---|---|
| 001 | RU\NLR\bibl\619740 | ||
| 005 | 20250610151051.0 | ||
| 021 |
_aRU _b75-53137 |
||
| 029 | 1 | 0 |
_aRU _b20728-75 _cГОСТ |
| 035 | _a(NLR Aleph) 000611057 | ||
| 090 |
_a42169 _c42169 |
||
| 100 | _a20050218d1975 |||y0rusy50 ca | ||
| 101 | 0 | _arus | |
| 102 | _aRU | ||
| 105 | _ay|||l|||000yy | ||
| 200 | 1 | _aСемьи пчелиные | |
| 229 | _aСрок действия 01.01.76 | ||
| 300 | _aЗаменен на ГОСТ 20728-2014 | ||
| 442 | 0 |
_1001RU\NLR\BIBL_A\010780038 _12001#$aСемья пчелиная. Технические условия _910062948 _cМосква _d2015 _nСтандартинформ _oТехнические условия _pII, 5 с. _tСемья пчелиная |
|
| 610 | 0 | _aпчелы | |
| 686 |
_aС51 _v1941 _2oks |
||
| 801 | 0 |
_aRU _bNLR _c20050218 _gPSBO |
|
| 801 | 1 |
_aRU _bNLR _c20050218 _2ntd_isis |
|
| 801 | 2 |
_aRU _bNLR _c20050218 _gPSBO _2rusmarc |
|
| 852 |
_aNLR _jПт |
||
| 942 | _cBOOK | ||
| 980 | _aNB | ||